[Event "CAN-ch U08"]
[Site "Sault Ste Marie"]
[Date "2017.07.09"]
[Round "6"]
[White "Ran, Sean"]
[Black "De Leon, Rut Jurry"]
[Result "1-0"]
[WhiteElo "906"]
[BlackElo "736"]
[PlyCount "77"]
[EventDate "2017.07.06"]
[EventType "swiss"]
[EventRounds "7"]
[EventCountry "CAN"]
[SourceTitle "EXT 2022"]
[Source "ChessBase"]
[SourceDate "2021.10.06"]
[SourceVersion "1"]
[SourceVersionDate "2021.10.06"]
[SourceQuality "1"]

1. e4 c5 2. Nf3 d6 3. d4 Nd7 4. d5 Ngf6 5. Nc3 g6 6. Bd3 Bg7 7. Bg5 0-0 8. 0-0 Nb6 9. Qd2 Bg4 10. Be2 Re8 11. Bh6 e6 12. Bxg7 Kxg7 13. h3 exd5 14. hxg4 dxe4 15. Ng5 h6 16. Nh3 Qd7 17. g5 e3 18. gxf6+ Kxf6 19. fxe3+ Kg7 20. Nd5 Re5 21. Nf6 Qe7 22. Nf4 g5 23. N4h5+ Kg6 24. Bd3+ Re4 25. Bxe4+ Qxe4 26. Nxe4 Kxh5 27. Qe2+ Kg6 28. Rf6+ Kg7 29. Raf1 Rf8 30. Nxd6 Nd5 31. Rxf7+ Rxf7 32. Rxf7+ Kg6 33. Qd3+ Kh5 34. Qxd5 b5 35. Ne4 Kh4 36. Rh7 c4 37. Rxh6+ Kg4 38. Nf2+ Kg3 39. Qf3# 1-0

[Event "CAN-ch U08"]
[Site "Sault Ste Marie"]
[Date "2017.07.06"]
[Round "2"]
[White "Dupuis, Denis K"]
[Black "Ran, Sean"]
[Result "0-1"]
[WhiteElo "1354"]
[BlackElo "906"]
[PlyCount "182"]
[EventDate "2017.07.06"]
[EventType "swiss"]
[EventRounds "7"]
[EventCountry "CAN"]
[SourceTitle "EXT 2022"]
[Source "ChessBase"]
[SourceDate "2021.10.06"]
[SourceVersion "1"]
[SourceVersionDate "2021.10.06"]
[SourceQuality "1"]

1. e4 e5 2. Nf3 Nc6 3. Bc4 Bc5 4. c3 h6 5. d4 exd4 6. cxd4 Bb4+ 7. Bd2 Bxd2+ 8. Nbxd2 Nf6 9. 0-0 0-0 10. e5 Nh7 11. Ne4 d5 12. exd6 cxd6 13. d5 Na5 14. Bd3 Nf6 15. Qc2 Nxd5 16. Nd4 Nb4 17. Qc3 Nxd3 18. Qxd3 d5 19. Ng3 Nc6 20. f4 Be6 21. f5 Bd7 22. f6 Ne5 23. Qb3 gxf6 24. Ngf5 Bxf5 25. Nxf5 Kh7 26. Qh3 Qb6+ 27. Kh1 Ng4 28. Qxg4 Rg8 29. Qd4 Qe6 30. Rae1 Qb6 31. Re7 Raf8 32. Qxb6 axb6 33. Rxb7 Rg5 34. Rxb6 Kg6 35. Ne7+ Kg7 36. Rfxf6 Re8 37. Nf5+ Rxf5 38. Rxf7+ Rxf7 39. h3 Rf1+ 40. Kh2 d4 41. Rd6 Rd1 42. Kg3 d3 43. Kf2 d2 44. Rd7+ Kg6 45. Rd6+ Kf5 46. Rxh6 Rf1+ 47. Kxf1 d1Q+ 48. Kf2 Re2+ 49. Kg3 Qd3+ 50. Kh2 Rxb2 51. Rh5+ Ke4 52. Rh4+ Kd5 53. Rh5+ Kc4 54. Rh4+ Kc3 55. Kg1 Qd1+ 56. Kh2 Qf3 57. Rg4 Rxa2 58. Rg3 Qxg3+ 59. Kxg3 Kd4 60. h4 Ra5 61. Kf4 Re5 62. g4 Kd5 63. h5 Ke6 64. h6 Ra5 65. g5 Kf7 66. Kg4 Kg6 67. h7 Rxg5+ 68. Kf4 Rh5 69. h8N+ Rxh8 70. Kg4 Ra8 71. Kf4 Ra5 72. Ke4 Kf6 73. Kd4 Ke6 74. Kc4 Kd6 75. Kb4 Rh5 76. Kc4 Rg5 77. Kd4 Rg4+ 78. Ke3 Ke5 79. Kf3 Ra4 80. Kg3 Kf5 81. Kf3 Ra3+ 82. Ke2 Ke4 83. Kd2 Kd4 84. Ke2 Rb3 85. Kd2 Rb2+ 86. Kc1 Rh2 87. Kd1 Ke3 88. Kc1 Kd3 89. Kb1 Kc3 90. Ka1 Kb3 91. Kb1 Rh1# 0-1